000 00904cam a22003017a 4500
003 CHAP
005 20220329140701.0
008 971013s1969 r 00010 d
010 _a56000
011 _a56972
035 _a61125
040 _cCHAP
082 _a632.9
_bS4
100 0 0 _aSharvelle, Eric G.
_9105532
245 0 _aChemical control of plant diseases
260 _a(College Station, Texas) :
_b(University Pub.),
_c(1969)
300 _a340 p. :
_bilus.
590 _aBATCH-UPD
_b10
_c20130110
_lUCH01
_h0529
590 _aBATCH-UPD
_b10
_c20130410
_lUCH01
_h0209
590 _aBATCH-UPD
_b10
_c20130914
_lUCH01
_h1414
590 _aCONVERSION
_b10
_c20130109
_lUCH01
_h1330
650 1 4 _aFitopatología.
_941161
650 1 4 _aFungicidas.
_944044
650 1 4 _aNematicidas.
_980808
901 _aBK
942 _cLIBRO
949 _a632.9 S4
_bBC
_cLIBRO
_d33724000184610
_eLIBRO
_h13991
_i61125
_si
999 _c56000
_d56000